[Event "35. Open Ciutat de Badalona"]
[Site "Badalona ESP"]
[Date "2009.08.04"]
[Round "4.2"]
[White "Narciso Dublan, Marc"]
[Black "Brandenburg, Daan"]
[Result "1/2-1/2"]
[WhiteElo "2553"]
[BlackElo "2463"]
[PlyCount "137"]
[EventDate "2009.08.01"]
[EventType "swiss"]
[EventRounds "9"]
[EventCountry "ESP"]
[Source "lmi"]
[SourceDate "2009.08.01"]

1. e4 c5 2. Nc3 e6 3. Nge2 Nf6 4. g3 d5 5. exd5 exd5 6. Bg2 d4 7. Ne4 Nxe4 8.
Bxe4 Nd7 9. O-O Nf6 10. Bg2 Bd6 11. c3 O-O 12. cxd4 cxd4 13. d3 Qb6 14. Qb3 Bc5
15. Nf4 h6 16. Bd2 Bf5 17. Rfc1 Rad8 18. Bxb7 Qxb3 19. axb3 Bb6 20. h4 g5 21.
hxg5 hxg5 22. Ng2 Bxd3 23. Bxg5 Rd6 24. Bf4 Re6 25. Bh6 Rb8 26. Nf4 Rxb7 27.
Nxd3 Nd5 28. Rc8+ Kh7 29. Bf4 Nxf4 30. Nxf4 Rd6 31. Rd1 Bd8 32. Rd3 Bg5 33. Ne2
Bf6 34. Rc5 Rdb6 35. Rf5 Bg7 36. Rff3 Rf6 37. Kg2 Re6 38. Nxd4 Rd6 39. Nf5 Rxd3
40. Rxd3 Bxb2 41. f4 Kg6 42. Ne3 Rb5 43. Kf3 a5 44. Nc4 Bf6 45. Nd6 Rb4 46. g4
Be7 47. f5+ Kg7 48. Ne4 Bf6 49. Kf4 Be7 50. Rd7 Kf8 51. Ke5 Rb5+ 52. Rd5 f6+
53. Ke6 Rb6+ 54. Nd6 Rxb3 55. Rxa5 Re3+ 56. Kd7 Bxd6 57. Kxd6 Re4 58. Ra7 Rxg4
59. Ke6 Rb4 60. Rf7+ Kg8 61. Rd7 Kf8 62. Rf7+ Kg8 63. Rxf6 Re4+ 64. Kd5 Re1 65.
Re6 Rf1 66. Ke5 Kf7 67. Rf6+ Kg7 68. Rg6+ Kf7 69. Rf6+ 1/2-1/2

[Event "35. Open Ciutat de Badalona"]
[Site "Badalona ESP"]
[Date "2009.08.04"]
[Round "4.5"]
[White "Ipatov, Alexander"]
[Black "Lorenzo De La Riva, Lazaro"]
[Result "1-0"]
[WhiteElo "2454"]
[BlackElo "2331"]
[PlyCount "89"]
[EventDate "2009.08.01"]
[EventType "swiss"]
[EventRounds "9"]
[EventCountry "ESP"]
[Source "lmi"]
[SourceDate "2009.08.01"]

1. d4 Nf6 2. c4 g6 3. Nc3 d5 4. Bg5 Ne4 5. Bh4 c6 6. e3 Qa5 7. cxd5 Nxc3 8. Qd2
cxd5 9. bxc3 Nc6 10. Rb1 a6 11. Nf3 Bg7 12. c4 dxc4 13. Bxc4 Qh5 14. h3 O-O 15.
Bb3 e5 16. d5 e4 17. g4 Ne5 18. gxh5 Nxf3+ 19. Ke2 Nxd2 20. Kxd2 Bf5 21. Rhc1
Rfc8 22. Be7 Bf8 23. d6 b5 24. Bd5 Rab8 25. Rc6 Rxc6 26. Bxc6 Be6 27. Rc1 f5
28. Bxf8 Kxf8 29. Kc3 Rd8 30. Rd1 Bxa2 31. Kb4 Kf7 32. Kc5 Ke6 33. Ra1 Bc4 34.
Rxa6 gxh5 35. h4 Ke5 36. d7 Be6 37. Ra7 b4 38. Kxb4 Kd6 39. Ra6 Ke7 40. Kc5 Rb8
41. Ra7 Rb2 42. d8=Q+ Kxd8 43. Kd6 Bc8 44. Rxh7 Rd2+ 45. Bd5 1-0

[Event "35. Open Ciutat de Badalona"]
[Site "Badalona ESP"]
[Date "2009.08.04"]
[Round "4.7"]
[White "Pomes Marcet, Juan"]
[Black "Lasinskas, Povilas"]
[Result "1-0"]
[WhiteElo "2365"]
[BlackElo "2268"]
[PlyCount "186"]
[EventDate "2009.08.01"]
[EventType "swiss"]
[EventRounds "9"]
[EventCountry "ESP"]
[Source "lmi"]
[SourceDate "2009.08.01"]

1. d4 Nf6 2. c4 e6 3. Nc3 Bb4 4. e3 O-O 5. Nge2 b6 6. a3 Be7 7. d5 e5 8. Ng3 d6
9. Bd3 Ne8 10. e4 g6 11. O-O Ng7 12. Be3 Nd7 13. b4 f5 14. exf5 gxf5 15. f4 e4
16. Be2 Nf6 17. Nb5 Bd7 18. Nd4 a5 19. Nc6 Bxc6 20. dxc6 Qe8 21. b5 h5 22. Bd4
Qg6 23. Rf2 Rae8 24. Nf1 Ng4 25. Bxg4 hxg4 26. g3 Ne6 27. Ne3 Bf6 28. Bxf6 Qxf6
29. Nd5 Qg7 30. Raa2 Nc5 31. Rfe2 Rf7 32. Qa1 Nb3 33. Qxg7+ Kxg7 34. Re3 Nd4
35. Kh1 Kg6 36. Rd2 Nf3 37. Rf2 Rh8 38. Ree2 Rh3 39. Rg2 Rfh7 40. Ne3 Nd4 41.
Rd2 Ne6 42. Nd5 Nc5 43. Rde2 Nd3 44. Kg1 a4 45. Kh1 Rf7 46. Kg1 Rh8 47. Re3 Nc5
48. Rd2 Nb3 49. Rd1 Rfh7 50. Re2 Nc5 51. Ne3 Nd3 52. Nd5 Rf7 53. Ne3 Nc5 54.
Nd5 Ne6 55. Ne3 Re8 56. Nd5 Nc5 57. Ne3 Re6 58. Kg2 Kg7 59. Rd5 Ref6 60. Rd1
Kf8 61. Nd5 Rh6 62. Ne3 Nd3 63. Kg1 Rh5 64. Nd5 Nc5 65. Ne3 Ke8 66. Rd5 Kf8 67.
Nxg4 Nd3 68. Rxe4 Rxh2 69. Nxh2 fxe4 70. Nf1 Ne1 71. Rh5 Kg8 72. Ne3 Nf3+ 73.
Kf2 Nd2 74. Ke2 Nb1 75. Rh1 Nxa3 76. Ra1 Nxc4 77. Nxc4 d5 78. Ne5 Rh7 79. Rxa4
Rh2+ 80. Ke3 Rb2 81. f5 Kg7 82. Kf4 Kf6 83. Ng4+ Ke7 84. Ke5 Rxb5 85. Rd4 Rc5
86. f6+ Kf7 87. Kf5 b5 88. Ne5+ Kg8 89. f7+ Kg7 90. f8=Q+ Kxf8 91. Nd7+ Ke7 92.
Nxc5 Kd6 93. Nxe4+ Kxc6 1-0

[Event "35. Open Ciutat de Badalona"]
[Site "Badalona ESP"]
[Date "2009.08.04"]
[Round "4.8"]
[White "Kulkarni, Chinmay"]
[Black "Kalegin, Evgenij"]
[Result "1-0"]
[WhiteElo "2259"]
[BlackElo "2489"]
[PlyCount "93"]
[EventDate "2009.08.01"]
[EventType "swiss"]
[EventRounds "9"]
[EventCountry "ESP"]
[Source "lmi"]
[SourceDate "2009.08.01"]

1. Nf3 Nf6 2. g3 d6 3. d4 Nbd7 4. Bg2 e5 5. c4 c6 6. dxe5 dxe5 7. O-O Be7 8.
Nc3 O-O 9. Qc2 Qc7 10. Rd1 a5 11. Nh4 g6 12. Bg5 Nc5 13. h3 Nh5 14. Bxe7 Qxe7
15. e3 f5 16. Nf3 Nf6 17. b3 e4 18. Ne1 h5 19. Qd2 Be6 20. Ne2 Bf7 21. Qc3 Nfd7
22. h4 Ne5 23. Nf4 a4 24. b4 Na6 25. a3 Nc7 26. Bf1 Ne8 27. Be2 Nf6 28. Rd2
Rfd8 29. Rad1 Rxd2 30. Rxd2 Kh7 31. Nh3 Kh6 32. Ng5 Bg8 33. Ng2 Nfd7 34. Rxd7
Qxd7 35. Qxe5 Qg7 36. Qf4 Qa1+ 37. Kh2 Qb2 38. Bf1 Kg7 39. Qc7+ Kh8 40. Qxb7
Rf8 41. Qe7 Qf6 42. Nf4 Qxe7 43. Nxg6+ Kg7 44. Nxe7 Rf6 45. Bh3 Bxc4 46. Nxf5+
Kf8 47. Nh7+ 1-0

[Event "35. Open Ciutat de Badalona"]
[Site "Badalona ESP"]
[Date "2009.08.04"]
[Round "4.9"]
[White "Deshpande, Aniruddha"]
[Black "Cruz, Cristhian"]
[Result "0-1"]
[WhiteElo "2211"]
[BlackElo "2525"]
[PlyCount "70"]
[EventDate "2009.08.01"]
[EventType "swiss"]
[EventRounds "9"]
[EventCountry "ESP"]
[Source "lmi"]
[SourceDate "2009.08.01"]

1. e4 e6 2. d4 d5 3. Nc3 Nf6 4. Bg5 Bb4 5. e5 h6 6. Bd2 Bxc3 7. bxc3 Ne4 8. Bd3
Nxd2 9. Qxd2 c5 10. f4 Qa5 11. Nf3 Nc6 12. dxc5 Qxc5 13. Nd4 Bd7 14. Nb3 Qb6
15. Qf2 Qxf2+ 16. Kxf2 Rc8 17. Ke3 Ke7 18. Rab1 Rc7 19. Nd4 Na5 20. Ne2 f6 21.
exf6+ gxf6 22. Rhf1 Rg8 23. g3 Rgc8 24. Kd2 Rc5 25. Rbe1 Kd6 26. Rf3 b5 27. a3
Nc4+ 28. Bxc4 Rxc4 29. Nd4 a5 30. Rb1 e5 31. fxe5+ fxe5 32. Nxb5+ Kc5 33. Re3
Bxb5 34. Rxe5 Re8 35. Rh5 Re2+ 0-1

[Event "35. Open Ciutat de Badalona"]
[Site "Badalona ESP"]
[Date "2009.08.04"]
[Round "4.10"]
[White "Almeida Quintana, Omar"]
[Black "Garcia Gil, Javier"]
[Result "1-0"]
[WhiteElo "2524"]
[BlackElo "2203"]
[PlyCount "93"]
[EventDate "2009.08.01"]
[EventType "swiss"]
[EventRounds "9"]
[EventCountry "ESP"]
[Source "lmi"]
[SourceDate "2009.08.01"]

1. d4 Nf6 2. Bg5 Ne4 3. Bf4 c5 4. f3 Nf6 5. d5 e6 6. e4 exd5 7. exd5 d6 8. Nc3
Be7 9. Qd2 a6 10. a4 O-O 11. Bc4 Re8 12. Nge2 Nh5 13. Be3 Nd7 14. O-O Ne5 15.
Bb3 g6 16. h3 f5 17. a5 Bd7 18. f4 Nf7 19. Na4 Nf6 20. Nb6 Rb8 21. c4 Bf8 22.
Bc2 Bg7 23. Ra3 Ne4 24. Bxe4 Rxe4 25. Ng3 Re8 26. b4 Rxe3 27. Rxe3 Bd4 28. Rfe1
Ng5 29. Kh2 Bxe3 30. Qxe3 Nf7 31. bxc5 dxc5 32. Qxc5 Be8 33. Qd4 Nd6 34. c5 Nc8
35. d6 Nxb6 36. Re7 Qxe7 37. dxe7 Nd7 38. Qd5+ Kg7 39. Ne2 Nf6 40. Qd8 Nd7 41.
Nd4 Kf7 42. Kg3 h6 43. h4 Kf6 44. Kh3 h5 45. Kg3 Kf7 46. Kh2 Kf6 47. c6 1-0

[Event "35. Open Ciutat de Badalona"]
[Site "Badalona ESP"]
[Date "2009.08.05"]
[Round "5.2"]
[White "Peralta, Fernando"]
[Black "Panchanathan, Magesh Chandran"]
[Result "1/2-1/2"]
[WhiteElo "2574"]
[BlackElo "2493"]
[PlyCount "86"]
[EventDate "2009.08.01"]
[EventType "swiss"]
[EventRounds "9"]
[EventCountry "ESP"]
[Source "lmi"]
[SourceDate "2009.08.01"]

1. d4 Nf6 2. c4 e6 3. Nc3 Bb4 4. e3 O-O 5. Nf3 d5 6. a3 Be7 7. Bd3 b6 8. O-O
Bb7 9. cxd5 exd5 10. b4 a5 11. b5 Nbd7 12. Qb3 Bd6 13. a4 Re8 14. Ba3 Nf8 15.
Rfc1 Ng6 16. Bxd6 cxd6 17. Rc2 Qd7 18. Rac1 Rac8 19. Ne2 Rxc2 20. Rxc2 Rc8 21.
Ne1 Rxc2 22. Qxc2 Qc8 23. f3 Qxc2 24. Bxc2 Nf8 25. Nc3 Ne6 26. Bb3 h5 27. h4 g6
28. Nd3 Kf8 29. Kf2 Ke8 30. Kg3 Kf8 31. Nf4 Nc7 32. Kf2 Kg7 33. Ke2 Kh6 34. Kd3
Ba8 35. Bd1 Bb7 36. Bb3 Ba8 37. Ke2 Bb7 38. Kf2 Kg7 39. Nh3 Ng8 40. Ke2 Ne7 41.
Nf4 f5 42. Nh3 Nc6 43. Ng5 Kf6 1/2-1/2

[Event "35. Open Ciutat de Badalona"]
[Site "Badalona ESP"]
[Date "2009.08.05"]
[Round "5.3"]
[White "Ipatov, Alexander"]
[Black "Narciso Dublan, Marc"]
[Result "0-1"]
[WhiteElo "2454"]
[BlackElo "2553"]
[PlyCount "68"]
[EventDate "2009.08.01"]
[EventType "swiss"]
[EventRounds "9"]
[EventCountry "ESP"]
[Source "lmi"]
[SourceDate "2009.08.01"]

1. d4 f5 2. c4 Nf6 3. Nc3 e6 4. Bf4 Bb4 5. Rc1 b6 6. Nf3 Bb7 7. e3 O-O 8. Be2
Ne4 9. h4 d6 10. Ng5 Bxc3+ 11. bxc3 Nxg5 12. Bxg5 Qe8 13. Bh5 Qd7 14. d5 Na6
15. g4 Nc5 16. gxf5 exd5 17. f6 dxc4 18. Rg1 Nd3+ 19. Kd2 Kh8 20. Bg4 Qf7 21.
Bf5 gxf6 22. Bxd3 cxd3 23. Bh6 Rg8 24. c4 Rxg1 25. Qxg1 Rg8 26. Qh2 Rg4 27. h5
Rxc4 28. Qg1 Rxc1 29. Qxc1 Qxa2+ 30. Kxd3 Qd5+ 31. Ke2 Qxh5+ 32. Kd2 Qd5+ 33.
Ke1 Qh1+ 34. Kd2 Qxc1+ 0-1

[Event "35. Open Ciutat de Badalona"]
[Site "Badalona ESP"]
[Date "2009.08.05"]
[Round "5.5"]
[White "Ramiro Ovejero, Juan Luis"]
[Black "Almeida Quintana, Omar"]
[Result "0-1"]
[WhiteElo "2348"]
[BlackElo "2524"]
[PlyCount "102"]
[EventDate "2009.08.01"]
[EventType "swiss"]
[EventRounds "9"]
[EventCountry "ESP"]
[Source "lmi"]
[SourceDate "2009.08.01"]

1. e4 g6 2. d4 Bg7 3. Nf3 d6 4. c3 Nf6 5. Bd3 O-O 6. O-O Nc6 7. h3 e5 8. Re1 h6
9. Be3 Nh5 10. Na3 a6 11. dxe5 dxe5 12. Be2 Qf6 13. Nd2 Nf4 14. Bxf4 Qxf4 15.
g3 Qg5 16. h4 Qe7 17. Bg4 f5 18. Bh3 Be6 19. Qe2 Rad8 20. Nac4 Kh8 21. h5 b5
22. Ne3 f4 23. Nd5 Bxd5 24. exd5 fxg3 25. fxg3 Qc5+ 26. Kg2 Qxd5+ 27. Ne4 Ne7
28. Rad1 Qc6 29. Rxd8 Rxd8 30. hxg6 Qxg6 31. Qg4 Qc6 32. Kh2 Nd5 33. Bg2 Rf8
34. Qe2 Qe6 35. Rf1 Re8 36. Qf3 b4 37. Qf7 Qxf7 38. Rxf7 bxc3 39. bxc3 Rb8 40.
Kh3 Rb2 41. Bf3 Rxa2 42. c4 Kg8 43. Bh5 Ne3 44. Rxc7 Ra1 45. g4 Rf1 46. c5 Rf3+
47. Kh2 Rf4 48. Nd6 e4 49. Nf5 Nxf5 50. Bf7+ Kf8 51. gxf5 Be5 0-1

[Event "35. Open Ciutat de Badalona"]
[Site "Badalona ESP"]
[Date "2009.08.05"]
[Round "5.7"]
[White "Sundararajan, Kidambi"]
[Black "Shumiakina, Tatiana"]
[Result "1-0"]
[WhiteElo "2506"]
[BlackElo "2334"]
[PlyCount "51"]
[EventDate "2009.08.01"]
[EventType "swiss"]
[EventRounds "9"]
[EventCountry "ESP"]
[Source "lmi"]
[SourceDate "2009.08.01"]

1. Nf3 d5 2. c4 dxc4 3. e3 Nf6 4. Bxc4 e6 5. O-O c5 6. Qe2 a6 7. Rd1 b5 8. Bb3
Bb7 9. a4 b4 10. d3 Nc6 11. Nbd2 Na5 12. Bc2 Be7 13. e4 Qc7 14. Nb3 Nxb3 15.
Bxb3 h6 16. Be3 Ng4 17. Rac1 Nxe3 18. Qxe3 O-O 19. d4 Rac8 20. Ne5 Rfd8 21. Qh3
Rf8 22. Nxf7 Rxf7 23. Bxe6 Rcf8 24. dxc5 Bxe4 25. c6 Bf5 26. Qxf5 1-0

[Event "35. Open Ciutat de Badalona"]
[Site "Badalona ESP"]
[Date "2009.08.05"]
[Round "5.8"]
[White "Rojas Keim, Luis"]
[Black "Mestre Bellido, Hector"]
[Result "1-0"]
[WhiteElo "2453"]
[BlackElo "2292"]
[PlyCount "55"]
[EventDate "2009.08.01"]
[EventType "swiss"]
[EventRounds "9"]
[EventCountry "ESP"]
[Source "lmi"]
[SourceDate "2009.08.01"]

1. e4 e5 2. Nf3 Nc6 3. d4 exd4 4. Nxd4 Bc5 5. Nxc6 Qf6 6. Qd2 dxc6 7. Nc3 Be6
8. Na4 Bd6 9. Qe3 Bb4+ 10. Nc3 Bxc3+ 11. bxc3 Qg6 12. f4 f5 13. exf5 Qxf5 14.
Bd3 Qf6 15. f5 Qxc3+ 16. Kf2 Qxa1 17. Qxe6+ Ne7 18. Qxe7+ Kxe7 19. Ba3+ Kd7 20.
Rxa1 Rae8 21. Bc4 Kc8 22. Be6+ Kb8 23. Rd1 g6 24. Bb2 Rhf8 25. Bg7 Rxe6 26.
Bxf8 Re8 27. Bh6 gxf5 28. Rd7 1-0

[Event "35. Open Ciutat de Badalona"]
[Site "Badalona ESP"]
[Date "2009.08.05"]
[Round "5.9"]
[White "Domingos, Ediberto"]
[Black "Matsenko, Sergei"]
[Result "0-1"]
[WhiteElo "2180"]
[BlackElo "2432"]
[PlyCount "86"]
[EventDate "2009.08.01"]
[EventType "swiss"]
[EventRounds "9"]
[EventCountry "ESP"]
[Source "lmi"]
[SourceDate "2009.08.01"]

1. d4 d5 2. Nf3 Nf6 3. e3 c6 4. Bd3 Bg4 5. Nbd2 Nbd7 6. O-O e5 7. dxe5 Nxe5 8.
Be2 Nxf3+ 9. Nxf3 Bd6 10. b3 Qc7 11. h3 Bxf3 12. Bxf3 Bh2+ 13. Kh1 Be5 14. Rb1
O-O-O 15. Bb2 Rhe8 16. Bxe5 Qxe5 17. Qd4 Qxd4 18. exd4 Ne4 19. Rbd1 b5 20. a3
a5 21. Kg1 Nd6 22. Rfe1 Kc7 23. Kf1 Ra8 24. Rxe8 Rxe8 25. Re1 Rxe1+ 26. Kxe1
Nf5 27. c3 b4 28. axb4 axb4 29. Kd2 bxc3+ 30. Kxc3 Nh4 31. Bh5 Nxg2 32. Bxf7
Nf4 33. h4 Nh3 34. Bg8 Nxf2 35. Bxh7 Nh3 36. Bg6 Nf4 37. Be8 Kd6 38. b4 Ne6 39.
Kd3 Nc7 40. Bg6 Ke7 41. Bf5 Kd6 42. Ke3 Ne6 43. Bxe6 Kxe6 0-1

[Event "35. Open Ciutat de Badalona"]
[Site "Badalona ESP"]
[Date "2009.08.06"]
[Round "6.2"]
[White "Narciso Dublan, Marc"]
[Black "Panchanathan, Magesh Chandran"]
[Result "1/2-1/2"]
[WhiteElo "2553"]
[BlackElo "2493"]
[PlyCount "21"]
[EventDate "2009.08.01"]
[EventType "swiss"]
[EventRounds "9"]
[EventCountry "ESP"]
[Source "lmi"]
[SourceDate "2009.08.01"]

1. d4 Nf6 2. Nf3 e6 3. e3 b6 4. Bd3 Bb7 5. O-O Be7 6. Nbd2 d5 7. Ne5 O-O 8. b3
c5 9. Bb2 Nc6 10. Nxc6 Bxc6 11. Qf3 1/2-1/2

[Event "35. Open Ciutat de Badalona"]
[Site "Badalona ESP"]
[Date "2009.08.06"]
[Round "6.3"]
[White "Bacallao Alonso, Yusnel"]
[Black "Munoz Pantoja, Miguel"]
[Result "1-0"]
[WhiteElo "2467"]
[BlackElo "2427"]
[PlyCount "73"]
[EventDate "2009.08.01"]
[EventType "swiss"]
[EventRounds "9"]
[EventCountry "ESP"]
[Source "lmi"]
[SourceDate "2009.08.01"]

1. Nf3 c5 2. b3 Nc6 3. Bb2 d6 4. e3 e5 5. d4 cxd4 6. exd4 e4 7. Nfd2 d5 8. c4
Nf6 9. Be2 dxc4 10. O-O cxb3 11. Nc3 Bb4 12. Ndxe4 Bxc3 13. Nxc3 O-O 14. d5 Ne7
15. Qxb3 Ng6 16. Rfe1 Qb6 17. Nb5 a6 18. Bd4 Qd8 19. Nc3 b5 20. a4 Nf4 21. Bf3
b4 22. Ne4 N6xd5 23. Rad1 Be6 24. Qb2 f6 25. Bc5 Qc7 26. Bd6 Qb6 27. Nc5 Bf7
28. Bxf8 Rd8 29. a5 Qc7 30. Nxa6 Qxa5 31. Be7 Rd7 32. Nxb4 Rxe7 33. Rxe7 Nxe7
34. Ra1 Qc7 35. Ra8+ Nc8 36. Nc6 Be6 37. Qb8 1-0

[Event "35. Open Ciutat de Badalona"]
[Site "Badalona ESP"]
[Date "2009.08.06"]
[Round "6.7"]
[White "Rojas Keim, Luis"]
[Black "Peralta, Fernando"]
[Result "0-1"]
[WhiteElo "2453"]
[BlackElo "2574"]
[PlyCount "48"]
[EventDate "2009.08.01"]
[EventType "swiss"]
[EventRounds "9"]
[EventCountry "ESP"]
[Source "lmi"]
[SourceDate "2009.08.01"]

1. e4 d6 2. d4 Nf6 3. Nc3 g6 4. Be3 a6 5. h3 b5 6. e5 Nfd7 7. Qf3 Nb6 8. a4 b4
9. Ne4 Bf5 10. a5 Nd5 11. Bc4 c6 12. Bg5 dxe5 13. dxe5 Qc7 14. Bf4 Nd7 15. Bh2
Nxe5 16. Qe2 Bg7 17. Nc5 O-O 18. Bxa6 Qa7 19. Bxe5 Bxe5 20. Qxe5 Qxc5 21. Qe2
Nf4 22. Qc4 Qe5+ 23. Kf1 Be6 24. Qxc6 Bd5 0-1

[Event "35. Open Ciutat de Badalona"]
[Site "Badalona ESP"]
[Date "2009.08.06"]
[Round "6.8"]
[White "Satyapragyan, Swayangsu"]
[Black "Garcia Castro, Pablo"]
[Result "1/2-1/2"]
[WhiteElo "2423"]
[BlackElo "2390"]
[PlyCount "75"]
[EventDate "2009.08.01"]
[EventType "swiss"]
[EventRounds "9"]
[EventCountry "ESP"]
[Source "lmi"]
[SourceDate "2009.08.01"]

1. e4 e5 2. Nf3 d6 3. d4 exd4 4. Nxd4 Nf6 5. Nc3 Be7 6. Nde2 O-O 7. g3 a5 8.
Bg2 a4 9. O-O Re8 10. h3 a3 11. b3 c6 12. g4 Nfd7 13. Be3 Na6 14. Qd2 Bf8 15.
Ng3 Qa5 16. Rad1 g6 17. Nb1 Nb4 18. c3 Na6 19. Bh6 Be7 20. b4 Qe5 21. Rfe1 Qf6
22. g5 Qe6 23. f4 c5 24. Bf1 Nc7 25. bxc5 dxc5 26. c4 Qb6 27. Nc3 Qa5 28. Qc1
Ne6 29. Kh1 Nd4 30. Nd5 Nb8 31. Nf5 Bxf5 32. exf5 Nbc6 33. Qa1 Nxf5 34. Rxe7
Rxe7 35. Nf6+ Kh8 36. Nd5+ Kg8 37. Nf6+ Kh8 38. Nd5+ 1/2-1/2

[Event "35. Open Ciutat de Badalona"]
[Site "Badalona ESP"]
[Date "2009.08.06"]
[Round "6.9"]
[White "Pomes Marcet, Juan"]
[Black "Ipatov, Alexander"]
[Result "0-1"]
[WhiteElo "2365"]
[BlackElo "2454"]
[PlyCount "66"]
[EventDate "2009.08.01"]
[EventType "swiss"]
[EventRounds "9"]
[EventCountry "ESP"]
[Source "lmi"]
[SourceDate "2009.08.01"]

1. d4 d5 2. c4 dxc4 3. Nf3 Nf6 4. Qa4+ c6 5. Qxc4 Bg4 6. e3 Nbd7 7. Nc3 Bxf3 8.
gxf3 e5 9. dxe5 Nxe5 10. Qe2 Nd5 11. f4 Nxc3 12. bxc3 Qd5 13. e4 Qa5 14. Bd2
Ng6 15. f5 Ne5 16. f4 Nd7 17. Bh3 Bc5 18. Qc4 Nf6 19. e5 Nd5 20. Ke2 f6 21. Qb3
Qa6+ 22. c4 Nb6 23. Rac1 O-O-O 24. Be3 Bxe3 25. Kxe3 Qa5 26. Rc2 fxe5 27. f6+
Kb8 28. fxg7 exf4+ 29. Kf3 Rhg8 30. Rg1 Qh5+ 31. Bg4 Qg6 32. Kxf4 Rd4+ 33. Ke3
Rxg4 0-1

[Event "35. Open Ciutat de Badalona"]
[Site "Badalona ESP"]
[Date "2009.08.06"]
[Round "6.10"]
[White "Lorenzo De La Riva, Lazaro"]
[Black "Vedder, Richard"]
[Result "0-1"]
[WhiteElo "2331"]
[BlackElo "2333"]
[PlyCount "96"]
[EventDate "2009.08.01"]
[EventType "swiss"]
[EventRounds "9"]
[EventCountry "ESP"]
[Source "lmi"]
[SourceDate "2009.08.01"]

1. e4 c5 2. Ne2 e6 3. Nbc3 d6 4. g3 Nc6 5. Bg2 g6 6. d4 cxd4 7. Nxd4 Be7 8. O-O
e5 9. Nde2 Be6 10. Nd5 Rc8 11. c4 h5 12. Nxe7 Qxe7 13. b3 Nh6 14. Ba3 Rd8 15.
Qd2 f6 16. Rad1 Nf7 17. f4 Bg4 18. h3 Bxe2 19. Qxe2 h4 20. g4 g5 21. fxe5 Nfxe5
22. Rd5 O-O 23. c5 Qe6 24. cxd6 Rd7 25. Rfd1 Rfd8 26. Qf2 Ng6 27. Rf5 Kg7 28.
e5 Ncxe5 29. Bd5 Rxd6 30. Bxd6 Qxd6 31. Kg2 Nf4+ 32. Rxf4 gxf4 33. Qxa7 f3+ 34.
Bxf3 Nd3 35. Rxd3 Qxd3 36. Qxb7+ Rd7 37. Qe4 Qxe4 38. Bxe4 Rd2+ 39. Kf3 Rxa2
40. Ke3 Rh2 41. b4 Rxh3+ 42. Kd4 Kf8 43. Kc5 Ke7 44. b5 Rc3+ 45. Kb6 Kd6 46.
Kb7 Kc5 47. Bc6 Rb3 48. Kc7 Rxb5 0-1

[Event "35. Open Ciutat de Badalona"]
[Site "Badalona ESP"]
[Date "2009.08.07"]
[Round "7.4"]
[White "Narciso Dublan, Marc"]
[Black "Almeida Quintana, Omar"]
[Result "0-1"]
[WhiteElo "2553"]
[BlackElo "2524"]
[PlyCount "154"]
[EventDate "2009.08.01"]
[EventType "swiss"]
[EventRounds "9"]
[EventCountry "ESP"]
[Source "lmi"]
[SourceDate "2009.08.01"]

1. e4 g6 2. d4 Bg7 3. Nf3 d6 4. Be2 Nf6 5. Nc3 O-O 6. O-O Nc6 7. d5 Nb8 8. Bg5
c6 9. h3 Nbd7 10. Re1 a6 11. a4 Nc5 12. Bf1 h6 13. Bf4 g5 14. Bd2 cxd5 15. exd5
Bf5 16. Nd4 Bg6 17. Qf3 Ncd7 18. a5 Rc8 19. Ra4 Ne5 20. Qd1 Qd7 21. Rb4 Rc7 22.
Qa1 Rfc8 23. Qa2 Rc5 24. Nb3 Rxc3 25. bxc3 Nxd5 26. Ra4 Nxc3 27. Bxc3 Rxc3 28.
Nd4 e6 29. Ra3 Rc5 30. c3 Qc7 31. Qb2 Bd3 32. Qb4 Bxf1 33. Rxf1 Nc4 34. Ra4
Nxa5 35. Rb1 Bf6 36. g3 Bd8 37. Ra3 d5 38. Qa4 b5 39. Qd1 Rxc3 40. Rxc3 Qxc3
41. Rc1 Qb4 42. Rc8 Qd6 43. Qa1 Kh7 44. Nc6 Nxc6 45. Qxa6 Bf6 46. Rxc6 Qb4 47.
Rc7 Kg6 48. Qa8 Qe1+ 49. Kg2 Qe4+ 50. Kh2 Qf3 51. Qa2 Bd4 52. Rc2 Kg7 53. Rd2
e5 54. Qc2 b4 55. Rd3 Qe4 56. Qd1 Bxf2 57. Rxd5 Qe3 58. Kh1 Qxg3 59. Rd3 Be3
60. Qf1 Qf4 61. Qg2 Bd4 62. Rf3 Qc1+ 63. Rf1 Qc4 64. Rf5 Qe6 65. Qe4 b3 66. Kg2
b2 67. Rf1 Qg6 68. Qb7 h5 69. Kh1 g4 70. h4 e4 71. Qb4 Bf6 72. Qb3 e3 73. Qb7
e2 74. Re1 Bc3 75. Kh2 Bxe1 76. Qxb2+ Qf6 77. Qxe2 Bxh4 0-1

[Event "35. Open Ciutat de Badalona"]
[Site "Badalona ESP"]
[Date "2009.08.07"]
[Round "7.5"]
[White "Garcia Castro, Pablo"]
[Black "Ipatov, Alexander"]
[Result "1-0"]
[WhiteElo "2390"]
[BlackElo "2454"]
[PlyCount "105"]
[EventDate "2009.08.01"]
[EventType "swiss"]
[EventRounds "9"]
[EventCountry "ESP"]
[Source "lmi"]
[SourceDate "2009.08.01"]

1. e4 e5 2. Nf3 Nf6 3. d3 Nc6 4. Be2 d5 5. exd5 Nxd5 6. O-O Bd6 7. Re1 O-O 8.
Nbd2 Re8 9. c3 Bf8 10. Bf1 g6 11. a4 a5 12. Nc4 Bg7 13. Qb3 h6 14. Be3 b6 15.
h3 Be6 16. Rad1 Nxe3 17. Rxe3 Qd7 18. Qb5 Bxc4 19. Qxc4 Qe6 20. Qxe6 Rxe6 21.
Rde1 Rae8 22. g4 Ne7 23. Re4 Nc8 24. Nd2 Nd6 25. R4e3 h5 26. Bg2 hxg4 27. hxg4
Bh6 28. R3e2 Bxd2 29. Rxd2 Rf6 30. Bc6 Rd8 31. Rde2 Nf5 32. Rxe5 Rxc6 33. Re8+
Rxe8 34. Rxe8+ Kg7 35. gxf5 g5 36. Re7 Rc5 37. Kg2 Rc6 38. Rd7 Rc5 39. Kg3 b5
40. d4 Rxf5 41. Rxc7 bxa4 42. Rc4 a3 43. bxa3 Rb5 44. Rc5 Rb3 45. Rxg5+ Kf6 46.
Rxa5 Rxc3+ 47. Kf4 Rc2 48. f3 Ke6 49. a4 Kd6 50. Kf5 Rc4 51. Ke4 Rb4 52. Ra6+
Ke7 53. f4 1-0

[Event "35. Open Ciutat de Badalona"]
[Site "Badalona ESP"]
[Date "2009.08.07"]
[Round "7.6"]
[White "Vedder, Richard"]
[Black "Rojas Keim, Luis"]
[Result "1-0"]
[WhiteElo "2333"]
[BlackElo "2453"]
[PlyCount "115"]
[EventDate "2009.08.01"]
[EventType "swiss"]
[EventRounds "9"]
[EventCountry "ESP"]
[Source "lmi"]
[SourceDate "2009.08.01"]

1. b3 Nf6 2. Bb2 e6 3. e3 c5 4. f4 b6 5. Nf3 Bb7 6. Be2 Be7 7. O-O O-O 8. Qe1
Nc6 9. Qg3 Ne8 10. Nc3 f5 11. Nd1 Bf6 12. c3 Nd6 13. d3 Qe7 14. Ne5 Nf7 15.
Nxf7 Rxf7 16. d4 Kh8 17. Nf2 Rg8 18. Qh3 g5 19. fxg5 Bxg5 20. c4 Bf6 21. Bf3
Rfg7 22. Nd3 cxd4 23. exd4 Qd6 24. d5 Bxb2 25. Nxb2 Nd4 26. Rf2 exd5 27. Rd1
Qc5 28. Kf1 Nxf3 29. Qxf3 Qd6 30. g3 Rg4 31. Qxf5 R4g7 32. cxd5 Ba6+ 33. Nc4
Qc5 34. Rf4 Qa3 35. Qc2 Qd6 36. Qf2 Qh6 37. Kg2 Qh5 38. Ne3 d6 39. Rd2 Bc8 40.
Nf5 Bxf5 41. Rxf5 Qg6 42. Rd4 Rc7 43. Rdf4 Qg7 44. Rf7 Rxf7 45. Rxf7 Qe5 46.
Qf6+ Qxf6 47. Rxf6 Rc8 48. a4 Rc2+ 49. Kh3 Rc3 50. Rxd6 Rxb3 51. Rd8+ Kg7 52.
Rd7+ Kg6 53. Rxa7 Rd3 54. Rb7 Rxd5 55. Rxb6+ Kg7 56. Rb2 Ra5 57. Ra2 Kg6 58.
Kg4 1-0

[Event "35. Open Ciutat de Badalona"]
[Site "Badalona ESP"]
[Date "2009.08.07"]
[Round "7.7"]
[White "Panelo, Marcelo"]
[Black "Shumiakina, Tatiana"]
[Result "1-0"]
[WhiteElo "2448"]
[BlackElo "2334"]
[PlyCount "107"]
[EventDate "2009.08.01"]
[EventType "swiss"]
[EventRounds "9"]
[EventCountry "ESP"]
[Source "lmi"]
[SourceDate "2009.08.01"]

1. d4 d5 2. c4 c6 3. Nf3 Nf6 4. Nc3 e6 5. Bg5 h6 6. Bh4 dxc4 7. e4 g5 8. Bg3 b5
9. Ne5 Bb7 10. h4 g4 11. Nxg4 Nxg4 12. Qxg4 Qxd4 13. Rd1 Qg7 14. Qf4 Na6 15.
Be2 Be7 16. O-O Qf6 17. Qc1 Nc5 18. e5 Qf5 19. Rd4 Nd3 20. Bxd3 cxd3 21. Rd1 b4
22. Ne4 c5 23. Nf6+ Bxf6 24. Qxc5 Rc8 25. Qxb4 Bxe5 26. Qxb7 Bxd4 27. Qxc8+ Ke7
28. Qc7+ Kf6 29. Qd6 Qe4 30. Kh2 Bxb2 31. Rxd3 Kg7 32. Re3 Qd5 33. Qc7 Bf6 34.
Bf4 Rf8 35. Rg3+ Kh8 36. Bd6 Rg8 37. Qxf7 Rxg3 38. Bxg3 Bd4 39. Qg6 Bg7 40. a4
a6 41. f3 Kg8 42. Qe4 Qxe4 43. fxe4 Kf7 44. h5 Ke7 45. Bf4 Kd7 46. g4 Kc6 47.
g5 hxg5 48. Bxg5 Kc5 49. Kg2 Kb4 50. h6 Be5 51. Be7+ Kxa4 52. Kh3 Bb2 53. Bf8
Bc1 54. Bg7 1-0